000 00954nam a2200253Ia 4500
003 OSt
005 20221005104850.0
006 a|||||r|||| 00| 0
007 ta
008 221004b |||||||| |||| 00| 0 hin d
024 _a32358
037 _cTextual
040 _aCRL
_cCRL
_bhin
041 _2hin
_ahin
082 _aO152,1M:g, P3
100 _aगौतम, रमेश, संपा.
245 0 _aसमेकित भारतीय कहानियॉं - भारतीय भाषाओं की कहानियॉं
246 _aSamekit bhāratīya kahāniyaॉan - bhāratīya bhāṣhāoan kī kahāniyaॉan
260 _aदिल्ली
_bसतीश बुक डिपो भारत
_c2003
300 _a207पृ.
_ccm.
650 _aहिन्दी कहानी
942 _hO152,1M:g, P3
_cTEXL
_2cc
999 _c1014027
_d1014027